Married into the family : (Record no. 10418)

MARC details
000 -LEADER
fixed length control field 01669cam a2200457 i 4500
001 - CONTROL NUMBER
control field 23560770
003 - CONTROL NUMBER IDENTIFIER
control field GBCCL
005 - DATE AND TIME OF LATEST TRANSACTION
control field 20241126110731.0
008 - FIXED-LENGTH DATA ELEMENTS--GENERAL INFORMATION
fixed length control field 240213t20232023txu b 000 0 eng d
010 ## -
-- 2023279827
020 ## - INTERNATIONAL STANDARD BOOK NUMBER
International Standard Book Number 9780960083138
Qualifying information (paperback)
020 ## - INTERNATIONAL STANDARD BOOK NUMBER
International Standard Book Number 0960083138
Qualifying information (paperback)
035 ## - SYSTEM CONTROL NUMBER
System control number (OCoLC)on1411063448
040 ## - CATALOGING SOURCE
Original cataloging agency NYP
Language of cataloging eng
Description conventions rda
Transcribing agency NYP
Modifying agency OCLCO
-- BDX
-- DLC
042 ## -
-- lccopycat
050 00 -
-- HQ759.8
-- .W54 2023
082 04 - DEWEY DECIMAL CLASSIFICATION NUMBER
Classification number 306.87
Edition information 23
Item number WIL
100 1# - MAIN ENTRY--PERSONAL NAME
Personal name Willis, Dave,
Dates associated with a name 1978-
Relator term author.
9 (RLIN) 18107
245 10 - TITLE STATEMENT
Title Married into the family :
Remainder of title the not-so-secret guide to in-law relationships /
Statement of responsibility, etc. Dave & Ashley Willis.
264 #1 - PRODUCTION, PUBLICATION, DISTRIBUTION, MANUFACTURE, AND COPYRIGHT NOTICE
Place of production, publication, distribution, manufacture Dallas, Texas :
Name of producer, publisher, distributor, manufacturer XO Publishing,
Date of production, publication, distribution, manufacture, or copyright notice [2023]
264 #4 - PRODUCTION, PUBLICATION, DISTRIBUTION, MANUFACTURE, AND COPYRIGHT NOTICE
Date of production, publication, distribution, manufacture, or copyright notice ©2023
300 ## - PHYSICAL DESCRIPTION
Extent xv, 215 pages ;
Dimensions 23 cm
336 ## - CONTENT TYPE
Content type term text
Content type code txt
Source rdacontent
337 ## - MEDIA TYPE
Media type term unmediated
Media type code n
Source rdamedia
338 ## - CARRIER TYPE
Carrier type term volume
Carrier type code nc
Source rdacarrier
504 ## - BIBLIOGRAPHY, ETC. NOTE
Bibliography, etc. note Includes bibliographical references (pages 213-214)
650 #0 - SUBJECT ADDED ENTRY--TOPICAL TERM
Topical term or geographic name entry element Parents-in-law.
9 (RLIN) 18108
650 #0 - SUBJECT ADDED ENTRY--TOPICAL TERM
Topical term or geographic name entry element Parents-in-law
General subdivision Family relationships.
9 (RLIN) 18109
650 #0 - SUBJECT ADDED ENTRY--TOPICAL TERM
Topical term or geographic name entry element Married people
General subdivision Family relationships.
9 (RLIN) 18110
650 #0 - SUBJECT ADDED ENTRY--TOPICAL TERM
Topical term or geographic name entry element Families
General subdivision Religious aspects
-- Christianity.
9 (RLIN) 4284
650 #6 - SUBJECT ADDED ENTRY--TOPICAL TERM
Topical term or geographic name entry element Beaux-parents.
9 (RLIN) 18111
650 #6 - SUBJECT ADDED ENTRY--TOPICAL TERM
Topical term or geographic name entry element Beaux-parents
General subdivision Relations familiales.
9 (RLIN) 18112
650 #6 - SUBJECT ADDED ENTRY--TOPICAL TERM
Topical term or geographic name entry element Couples mariés
General subdivision Relations familiales.
9 (RLIN) 18113
650 #6 - SUBJECT ADDED ENTRY--TOPICAL TERM
Topical term or geographic name entry element Familles
General subdivision Aspect religieux
-- Christianisme.
9 (RLIN) 18114
650 #7 - SUBJECT ADDED ENTRY--TOPICAL TERM
Topical term or geographic name entry element Parents-in-law
Source of heading or term fast
9 (RLIN) 18108
700 1# - ADDED ENTRY--PERSONAL NAME
Personal name Willis, Ashley,
Relator term author.
9 (RLIN) 18115
906 ## - LOCAL DATA ELEMENT F, LDF (RLIN)
a 7
b cbc
c copycat
d 2
e ncip
f 20
g y-gencatlg
942 ## - ADDED ENTRY ELEMENTS (KOHA)
Source of classification or shelving scheme Dewey Decimal Classification
Koha item type Books
Koha issues (borrowed), all copies 1
Holdings
Withdrawn status Lost status Source of classification or shelving scheme Damaged status Not for loan Home library Current Library Shelving location Date acquired Total checkouts Total renewals Full call number Barcode Date last seen Date last checked out Copy number Price effective from Koha item type
    Dewey Decimal Classification     GRACE BIBLE COLLEGE GRACE BIBLE COLLEGE General Studies 2024-07-16 3 1 306.87 WIL 016930 2025-10-03 2025-09-23 c.1 2024-07-16 Books
© Grace Bible College Library 2025